| 000 | 01694cam a2200385 a 4500 | ||
|---|---|---|---|
| 001 | findingcentertwo00naip | ||
| 003 | CaSfIA | ||
| 005 | 20210118083250.0 | ||
| 007 | cr|||| | ||
| 008 | 850417t19861984nyu 000 0aeng | ||
| 010 | _a 85040136 | ||
| 040 |
_aDLC _cDLC _dOCLCQ _dBTCTA _dOCLCG _dCaSfIA |
||
| 020 |
_a0394740904 (pbk.) : _c$4.95 |
||
| 020 | _a9780394740904 (pbk.) | ||
| 035 | _a(OCoLC)12078735 | ||
| 043 | _af-iv--- | ||
| 050 | 1 | 0 |
_aPR9272.9.N32 _bZ465 1986 |
| 082 | 0 | 0 |
_a823/.914 _aB _219 |
| 100 | 1 |
_aNaipaul, V. S. _q(Vidiadhar Surajprasad), _d1932- |
|
| 245 | 1 | 0 |
_aFinding the center : _h[electronic resource] _btwo narratives / _cV.S. Naipaul. |
| 250 | _a1st Vintage Books ed. | ||
| 260 |
_aNew York : _bVintage Books, _c1986, c1984. |
||
| 300 |
_axi, 176 p. ; _c18 cm. |
||
| 600 | 1 | 0 |
_aNaipaul, V. S. _q(Vidiadhar Surajprasad), _d1932- |
| 600 | 1 | 0 |
_aNaipaul, V. S. _q(Vidiadhar Surajprasad), _d1932- _xTravel _zCôte d'Ivoire. |
| 651 | 0 |
_aCôte d'Ivoire _xDescription and travel. |
|
| 650 | 0 |
_aAuthors, Trinidadian _y20th century _vBiography. |
|
| 650 | 0 | _aAuthorship. | |
| 856 | 4 | 1 |
_uhttp://www.archive.org/details/findingcentertwo00naip _zFree eBook from the Internet Archive |
| 856 | 4 | 2 |
_uhttp://www.openlibrary.org/books/OL2549959M _zAdditional information and access via Open Library |
| 029 | 1 |
_aAU@ _b000003798383 |
|
| 942 | _cEB | ||
| 506 | _fНеобхідна авторизація на https://archive.org/ (створення облікового запису безкоштовно) | ||
| 506 | _fНеобхідна авторизація на https://openlibrary.org/ (створення облікового запису безкоштовно) | ||
| 999 |
_c496529 _d496529 |
||